000 00444nam a2200169Ia 4500
008 230711s9999||||xx |||||||||||||| ||und||
020 _a978-81-89866-99-0
041 _aENG
082 _a620.5
_bKA-N
100 _aKarkare,Manasi
245 0 _aNanotechnology fundamental and applications
250 _a1st Ed.
260 _c2015
_aNew Delhi
_bI.K.International Publishing House Pvt.Ltd
300 _a236p.
650 _aPhysics
942 _cBK
999 _c5818
_d5818